000 00714nam a2200229Ia 4500
003 GCL
008 140319s9999 xx 000 0 ara d
020 _a?256101977
040 _aGCL /
_cGCL
082 0 4 _a810.9
_bع ح
100 1 _aعبدالعزيز الدسوقى
245 1 0 _aحسين المرصفى /
_cعبدالعزيز الدسوقى
260 _aالقاهرة :
_bالهيئة المصرية العامة للكتاب ،
_c1990
300 _a171 ص ؛
_c19 سم
490 _aنقاد الادب
_v2
650 0 4 _aالنقد
650 0 4 _aالتراجم الادبية
650 0 4 _aالتراجم
650 0 4 _aتاريخ ونقد
650 0 4 _aحسين المرصفى
942 _2ddc
_cBK
999 _c28581
_d28581